So Much More than the ABCs: The Early Phases of Reading and Writing, Revised Edition (Record no. 48968)
| 000 -LEADER | |
|---|---|
| fixed length control field | 00495nam a22001217a 4500 |
| 008 - FIXED-LENGTH DATA ELEMENTS--GENERAL INFORMATION | |
| fixed length control field | 250630b |||||||| |||| 00| 0 eng d |
| 020 ## - INTERNATIONAL STANDARD BOOK NUMBER | |
| International Standard Book Number | 9781952331329 |
| 100 ## - MAIN ENTRY--PERSONAL NAME | |
| Personal name | Molly F. Collins (Author), Judith A. Schickedanz (Author) |
| 9 (RLIN) | 86352 |
| 245 ## - TITLE STATEMENT | |
| Title | So Much More than the ABCs: The Early Phases of Reading and Writing, Revised Edition |
| 260 ## - PUBLICATION, DISTRIBUTION, ETC. (IMPRINT) | |
| Place of publication, distribution, etc | Washington DC |
| Name of publisher, distributor, etc | The National Association for the Education of Young Children |
| Date of publication, distribution, etc | 2024 |
| 300 ## - PHYSICAL DESCRIPTION | |
| Extent | 240 p |
| Other physical details | col. ill. |
| Dimensions | 6.9 x 0.7 x 9.9 inches |
| 942 ## - ADDED ENTRY ELEMENTS (KOHA) | |
| Source of classification or shelving scheme | |
| Withdrawn status | Lost status | Source of classification or shelving scheme | Damaged status | Not for loan | Collection code | Home library | Current library | Date acquired | Total Checkouts | Full call number | Barcode | Date last seen | Price effective from | Koha item type |
|---|---|---|---|---|---|---|---|---|---|---|---|---|---|---|
| Non-Fiction | Asian Hope Siem Reap | Asian Hope Siem Reap | 06/30/2025 | NFIC MOL | 208242 | 06/30/2025 | 06/30/2025 | Book |